Why Don't We - Fallin' (Adrenaline) Lyrics - Statistics

General Stats
  • This quiz has been taken 416 times
  • The average score is 283 of 343
Answer Stats
Hint Answer % Correct
a
100%
I
100%
can
99%
the
99%
you
98%
feel
97%
in
97%
Not
94%
not
94%
love
93%
my
92%
of
92%
rush
92%
adrenaline
91%
baby
91%
me
91%
I'm
90%
fall
89%
Oh
88%
so
88%
to
88%
are
87%
kee
87%
muse
87%
If
86%
if
86%
and
84%
Verse 2 (Corbyn Besson) When
84%
do
83%
it
83%
making
83%
just
81%
keep
81%
moment
81%
fallin'
80%
jump
80%
scared
80%
this
80%
but
79%
But
79%
Verse 1 (Jonah Marais) Caught
78%
even
78%
for
78%
give
78%
twice
78%
Can't
77%
reckless
77%
thinking
77%
Everything's
75%
feeling
75%
from
75%
frozen
75%
heart
75%
hell
75%
Let's
75%
let's
75%
Why
75%
Nothing
74%
stop
74%
want
74%
you're
74%
beating
71%
We
69%
with
65%
Make
64%
don't
63%
stay
63%
where
63%
promise
61%
that's
61%
you'll
60%
honest
59%
Maybe
59%
Tell
59%
know
58%
being
57%
around
56%
Pre-Chorus (Daniel Seavey) | Pre-Chorus (Jack Avery) Ooh
55%
guessing
54%
leads
54%
only
53%
veins
53%
we'll
52%
question
50%
cause
47%
go
47%
insane
45%
about
44%
something
42%
surrender
42%
sweet
42%
have
40%
little
39%
storm
37%
ya
37%
weather
33%
There's
28%
No matching quizzes found
Score Distribution
Percent of People with Each Score
Percentile by Number Answered
Your Score History
You have not taken this quiz